First course in programming with C (Record no. 9422)

MARC details
000 -LEADER
fixed length control field 00451cam a2200181ua 4500
001 - CONTROL NUMBER
control field 10445
005 - DATE AND TIME OF LATEST TRANSACTION
control field 20260515114625.0
008 - FIXED-LENGTH DATA ELEMENTS--GENERAL INFORMATION
fixed length control field 190222n ii |||gr||||Z||||||eng
020 ## - INTERNATIONAL STANDARD BOOK NUMBER
International Standard Book Number 9788125912118
040 ## - CATALOGING SOURCE
Transcribing agency MAIN
041 ## - LANGUAGE CODE
Language code of text/sound track or separate title eng
082 ## - DEWEY DECIMAL CLASSIFICATION NUMBER
Classification number 005.133
100 ## - MAIN ENTRY--PERSONAL NAME
Personal name T Jeyapoovan,
Relator term Author.
245 ## - TITLE STATEMENT
Title First course in programming with C
260 ## - PUBLICATION, DISTRIBUTION, ETC.
Place of publication, distribution, etc. New Delhi:
Name of publisher, distributor, etc. Vikas,
Date of publication, distribution, etc. 2016.
653 ## - INDEX TERM--UNCONTROLLED
Uncontrolled term Computer programming, programs & data
942 ## - ADDED ENTRY ELEMENTS (KOHA)
Koha item type Books
Holdings
Withdrawn status Lost status Damaged status Not for loan Home library Current library Shelving location Date acquired Total checkouts Full call number Barcode Date last seen Copy number Price effective from Koha item type
        Naharkatiya College Library Naharkatiya College Library General stacks 09/19/2020   005.133 | JEY 25448 09/19/2020 1 09/19/2020 Books